Statistiques concernant Les 50 plus grandes villes françaises à partir de 3 lettres

Cliquez ici pour prendre le quiz!

Statistiques générales

  • Ce quiz a été pris 293 fois
  • Le résultat moyen est 38 sur 50

Statistiques - réponses

Nombre d'habitants en 2016Villes correspondantes% Correct
2 190 327PARIS
100%
862 211MARSEILLE
99%
169 634TOULON
98%
475 438TOULOUSE
98%
97 476TOURCOING
98%
136 565TOURS
98%
515 695LYON
97%
232 440LILLE
94%
104 592NANCY
94%
94 258NANTERRE
94%
306 694NANTES
94%
342 637NICE
94%
279 284STRASBOURG
94%
252 040BORDEAUX
93%
281 613MONTPELLIER
93%
108 402MONTREUIL
93%
216 268RENNES
92%
147 920SAINT-DENIS
88%
111 354SAINT-DENIS
88%
171924SAINT-ETIENNE
88%
105 4082SAINT-PAUL
88%
96 412ROUBAIX
87%
110 117ROUEN
87%
139 342BREST
81%
158 180GRENOBLE
80%
151 229ANGERS
76%
170 352LE HAVRE
76%
117 890METZ
76%
155 090DIJON
75%
183 113REIMS
75%
105 403CAEN
73%
114 782ORLEANS
72%
151 001NÎMES
71%
121 875PERPIGNAN
71%
142 686CLERMONT-FERRAND
69%
133 755AMIENS
66%
132 660LIMOGES
66%
142 991LE MANS
63%
108 999MULHOUSE
62%
119 645BOULOGNE-BILLANCOURT
61%
149 019VILLEURBANNE
61%
87 961POITIERS
60%
126 419ANNECY
54%
143 006AIX-EN-PROVENCE
53%
116 466BESANÇON
53%
88 108DUNKERQUE
52%
92 378AVIGNON
51%
89 392CRETEIL
39%
110 468ARGENTEUIL
37%
92 755VITRY-SUR-SEINE
16%

Distribution des résultats

Percentile par nombre de réponses

% des personnes avec chaque résultat

Votre développement - résultats

Vous n’avez pas pris ce quiz